LEADER 00890nam0-22002891i-450- 001 990005393620403321 005 20090622095430.0 035 $a000539362 035 $aFED01000539362 035 $a(Aleph)000539362FED01 035 $a000539362 100 $a19990604d1963----km-y0itay50------ba 101 0 $aita 105 $af-------00--- 200 1 $aMarco Aurelio e la fine del Mondo Antico$fErnesto Renan$gtrad. dal francese di Angelo Ferrari 210 $aMilano$cDall'Oglio$dstampa 1963 215 $a338 p., 12 tav.$d23 cm 676 $a937.07092$v22$zita 700 1$aRenan,$bErnest$f<1823-1892>$0328782 702 1$aFerrari,$bAngelo$f<1960- > 801 0$aIT$bUNINA$gRICA$2UNIMARC 901 $aBK 912 $a990005393620403321 952 $a937.07 REN 1$bANT. G.R. 2472$fFLFBC 959 $aFLFBC 996 $aMarc Aurele et la fin du monde antique$927494 997 $aUNINA LEADER 01435nam 2200373Ia 450 001 996387660003316 005 20221108093716.0 035 $a(CKB)4940000000084296 035 $a(EEBO)2248544411 035 $a(OCoLC)9920012900971 035 $a(EXLCZ)994940000000084296 100 $a19910131d1560 uy | 101 0 $aeng 135 $aurbn#|||a|bb| 200 14$aThe ciuilitie of childehode$b[electronic resource] $ewith the discipline and institucion of children, distributed in small and compe[n]dious chapiters /$fand translated oute of French into Englysh, by Thomas Paynell 210 $aImprinted at London $cBy John Tisdale, dwellynge in Knyghte Ryders strete, nye vnto the Quenes [m?]aredrop$d1560 215 $a[110] p 300 $aTranslation of Erasmus' "De civilitate morum puerilium"--Cf. STC (2nd ed.). 300 $aPlace of publication and publisher from colophon. 300 $aSignatures: A-F? G?. 300 $aTitle within ornamental border. 300 $aReproduction of original in the Pepys Library. 330 $aeebo-0123 606 $aEtiquette, Medieval 615 0$aEtiquette, Medieval. 700 $aErasmus$b Desiderius$fd. 1536.$0799747 701 $aPaynell$b Thomas$factive 1528-1567.$01001931 801 0$bEBK 801 1$bEBK 801 2$bWaOLN 906 $aBOOK 912 $a996387660003316 996 $aThe ciuilitie of childehode$92359973 997 $aUNISA LEADER 02396nam0 2200469 i 450 001 CFI0055390 005 20251003044115.0 020 $aIT$b88-5141 100 $a20250205d1986 ||||0itac50 ba 101 | $aita 102 $ait 181 1$6z01$ai $bxxxe 182 1$6z01$an 183 1$6z01$anc$2RDAcarrier 200 1 $aMonsignor Francesco Saverio Petagna, il vescovo della carità, il difensore della fede$fGiovanni Celoro Parascandolo 210 $aRoma$ca cura della Congregazione delle religiose dei Sacri Cuori$d1986 215 $a510 p., \1! c. di tav.$c1 ritr.$d24 cm. 312 $aTit. in cop.: Franciscus Xav. Petagna$9CFI0066670 517 1 $aFranciscus Xav. Petagna. -$9CFI0066670 606 $aPetagna, Francesco Saverio$2FIR$3CFIC004314$9I 676 $a282.092$9CHIESA CATTOLICA ROMANA. Persone$v23 676 $a282.0924$9CHIESA CATTOLICA ROMANA. Singole persone$v19 700 1$aCeloro Parascandolo$b, Giovanni$3CFIV035524$4070$0211457 801 3$aIT$bIT-000000$c20250205 850 $aIT-BN0095 $aIT-SA0037 $aIT-CE0017 $aIT-NA0079 $aIT-CE0072 $aIT-AV0151 $aIT-NA0013 $aIT-AV0045 $aIT-NA0580 $aIT-NA0097 901 $bNAP MV$cSANT. $nSezione staccata presso il Santuario di Montevergine. 901 $bNAP CF$cA $n$ 901 $bNAP BN$cMAGAZZINO $nmagazzini correnti divisi per anni 901 $bNAP PS$cF.ILLIBATO$n$ 901 $bNAP 48$cARMADI $n$ 901 $bNAP CF$cB $n$ 901 $bNAP 42$cS. MODERNA$n$ 901 $bNAP GI$cMODERNA $n$ 901 $bNAP CE$cBIBL.SOPR.$n$ 901 $bNAP SP$cNF. $nNUOVO FONDO 901 $bNAP 01$cPOZZO LIB.$nVi sono collocati fondi di economia, periodici di ingegneria e scienze, periodici di economia e statistica e altri fondi comprendenti documenti di economia pervenuti in dono. 901 $bNAP PS$cARCHIVIO $n$ 912 $aCFI0055390 950 0$aBiblioteca Centralizzata di Ateneo$c1 v.$d 01POZZO LIB.F. ASSANTE 451$e 0101 0060015475E VMA 1 v. (Precedente collocazione A 416)$fB $h20220926$i20220926 977 $a 01$a 42$a 48$a BN$a CE$a CF$a GI$a MV$a PS$a SP 996 $aMonsignor Francesco Saverio Petagna, il vescovo della carità, il difensore della fede$92914103 997 $aUNISANNIO